| 000 | 00469nam a2200169Ia 4500 | ||
|---|---|---|---|
| 008 | 130318s9999 xx 000 0 und d | ||
| 020 | _a8173663211 | ||
| 082 | _a005.133JM HAE/J | ||
| 100 | _aHaefel, Richard Monson | ||
| 245 | _aJava message service | ||
| 260 |
_bOreilly/Shroff Publishers and Distributors _aMumbai _c2001 |
||
| 300 | _a220 | ||
| 650 | _aJAVA | ||
| 650 | _aOBJECT ORIENTED PROGRAMMING | ||
| 650 | _aPROGRAMMING LANGUAGE | ||
| 700 | _aChappel, David A | ||
| 999 |
_c140 _d140 |
||